Statistiques concernant Les villes ayant accueilli l'Eurovision

Cliquez ici pour prendre le quiz!

Statistiques générales

  • Ce quiz a été pris 116 fois
  • Le résultat moyen est 50 sur 68

Statistiques - réponses

AnnéePaysVilles% Correct
1978FranceParis
99%
1970Pays-BasAmsterdam
94%
1962LuxembourgLuxembourg
94%
1973LuxembourgLuxembourg
94%
1984LuxembourgLuxembourg
94%
1966LuxembourgLuxembourg
94%
1995IrlandeDublin
92%
1994IrlandeDublin
92%
1988IrlandeDublin
92%
1971IrlandeDublin
92%
1997IrlandeDublin
92%
1981IrlandeDublin
92%
1963Royaume-UniLondres
92%
1977Royaume-UniLondres
92%
1968Royaume-UniLondres
92%
1960Royaume-UniLondres
92%
1996NorvègeOslo
92%
2010NorvègeOslo
92%
1991ItalieRome
92%
2005UkraineKiev
89%
2017UkraineKiev
89%
2009RussieMoscou
89%
1967AutricheVienne
89%
2015AutricheVienne
89%
1975SuèdeStockholm
88%
2000SuèdeStockholm
88%
2016SuèdeStockholm
88%
2007FinlandeHelsinki
87%
2018PortugalLisbonne
87%
2006GrèceAthènes
86%
1987BelgiqueBruxelles
86%
1969EspagneMadrid
86%
2014DanemarkCopenhague
85%
2001DanemarkCopenhague
85%
1964DanemarkCopenhague
85%
1983AllemagneMunich
85%
2004TurquieIstanbul
84%
2021Pays-BasRotterdam
84%
2023Royaume-UniLiverpool
83%
2022ItalieTurin
83%
1979IsraëlJérusalem
82%
1999IsraëlJérusalem
82%
2019IsraëlTel Aviv
81%
2003LettonieRiga
78%
2008SerbieBelgrade
77%
2002EstonieTallinn
72%
1992SuèdeMalmö
68%
2013SuèdeMalmö
68%
2024SuèdeMalmö
68%
2012AzerbaïdjanBakou
67%
1965ItalieNaples
60%
1980Pays-BasLa Haye
59%
1976Pays-BasLa Haye
59%
1990YougoslavieZagreb
56%
1957AllemagneFrancfort
54%
1989SuisseLausanne
53%
1972Royaume-UniEdimbourg
49%
1998Royaume-UniBirmingham
47%
1985SuèdeGöteborg
46%
2011AllemagneDüsseldorf
37%
1986NorvègeBergen
34%
1961FranceCannes
33%
1959FranceCannes
33%
1956SuisseLugano
21%
1974Royaume-UniBrighton
17%
1958Pays-BasHilversum
9%
1993IrlandeMillstreet
9%
1982Royaume-UniHarrogate
8%

Distribution des résultats

Percentile par nombre de réponses

% des personnes avec chaque résultat

Votre développement - résultats

Vous n’avez pas pris ce quiz